logo

Bir Sreshtho Munshi Abdur Rouf Library
Jhenaidah Cadet College

সংবাদপত্রে ভাষা আন্দোলন ১৯৪৭ থেকে ১৯৫৬ / (Record no. 11544)

MARC details
000 -LEADER
fixed length control field 00794nam a2200217 a 4500
001 - CONTROL NUMBER
JCCL Control Number 11544
003 - CONTROL NUMBER IDENTIFIER
JCCL marc code BD-JhCC
005 - DATE AND TIME OF LATEST TRANSACTION
control field 20200321104528.0
008 - FIXED-LENGTH DATA ELEMENTS--GENERAL INFORMATION
fixed length control field 200321s 2018b a|||| |||| 00| 0 ban d
020 ## - INTERNATIONAL STANDARD BOOK NUMBER
International Standard Book Number 9789849120827
035 ## - SYSTEM CONTROL NUMBER
system control number (BD-JhCC)11544
040 ## - CATALOGING SOURCE
Original cataloging agency BD-JhCC
Modifying agency BD-JhCC
041 ## - LANGUAGE CODE
Language code of Book ban
082 ## - DEWEY DECIMAL CLASSIFICATION NUMBER
Classification number 954.9205
Author mark and Year SON 2018
245 ## - TITLE STATEMENT
Title সংবাদপত্রে ভাষা আন্দোলন ১৯৪৭ থেকে ১৯৫৬ /
Statement of responsibility, etc সম্পাদনায় এম এর মাহবুব
260 ## - PUBLICATION, DISTRIBUTION, ETC. (IMPRINT)
Place of publication, distribution, etc ঢাকা :
Name of publisher, distributor, etc গৌরব প্রকাশন,
Date of publication, distribution, etc ২০১৮.
300 ## - PHYSICAL DESCRIPTION
Pagination ১০৩৬ পৃ. :
Other physical details চিত্রাবলী
Dimensions ২৬ সেমি.
650 ## - SUBJECT ADDED ENTRY--TOPICAL TERM
Topical term or geographic name as entry element Language Movement
700 ## - ADDED ENTRY--PERSONAL NAME
Personal name মাহবুব, এম এর
942 ## - ADDED ENTRY ELEMENTS (KOHA)
Source of classification or shelving scheme Dewey Decimal Classification
Koha item type Books
Holdings
Source of classification or shelving scheme Damaged status Not for loan Home library Current library Shelving location Date of accession Cost, normal purchase price Total Checkouts Full call number Barcode Date last seen Copy number Koha item type
Dewey Decimal Classification   Not For Loan JCC Rouf Library JCC Rouf Library General Stacks 03/21/2020 2800.00   954.9205 SON 2018 15902 03/21/2020 C-1 Books

JCC Library | Contacts | JCC Home

Last Update on 23 September 2017
Copyright @ 2017-2020 JCC Rouf Library
Rouf Library, Jhenidah Cadet College (JCC), Bangladesh